| 000 | 02808cgm a2200517Ka 4500 | ||
|---|---|---|---|
| 001 | ocn642056931 | ||
| 003 | OCoLC | ||
| 005 | 20241220130024.0 | ||
| 008 | 100616p20102009cau617 vleng d | ||
| 007 | vd cvaizq | ||
| 040 |
_aTEFMT _cTEFMT _dTEF _dDPL _dEINCP _dZPX _dJP3 _dUINTA |
||
| 024 | 1 | _a024543679936 | |
| 028 | 4 | 1 |
_a2267993 _b20th Century Fox |
| 035 | _a(OCoLC)642056931 | ||
| 037 |
_bMidwest Tape _nhttp://www.midwesttapes.com |
||
| 041 | 1 |
_aeng _jfre _jspa _jpor _heng |
|
| 050 | 4 |
_aPN1992.77 _b.W45 2010 |
|
| 092 | 0 |
_a791.45/72 _222 |
|
| 049 | _aUCLB | ||
| 092 | _a791.457 | ||
| 245 | 0 | 0 |
_aWhite collar. _nThe complete first season _h[videorecording] / _cFox Television Studios. |
| 260 |
_aBeverly Hills, Calif. : _b20th Century Fox Home Entertainment, _cc2010. |
||
| 300 |
_a4 videodiscs (617 min.) : _bsd., col. ; _c4 3/4 in. |
||
| 538 | _aDVD, widescreen (1.78:1 aspect ratio), Dolby Digital 5.1, dual layer, region 1, NTSC. | ||
| 546 | _aEnglish dialogue; French, Spanish or Portuguese subtitles. Closed captioned for the hearing impaired. | ||
| 511 | 1 | _aMatt Bomer, Tim DeKay, Tiffani Thiessen. | |
| 500 | _a14 episodes originally broadcast during the 2009-2010 television season. | ||
| 520 | _aCharming con man Neal Caffrey escapes from a maximum security prison, only to be recaptured by his nemesis, FBI Agent Peter Burke. With few options, Caffrey agrees to help the bureau bring down other elusive criminals in exchange for his eventual freedom. But before long, Caffrey finds himself playing a game of cat and mouse with those who want him back in prison or dead. | ||
| 505 | 0 | 0 |
_gDisc 1. _gPilot ; _tThreads ; _tBooks of hours -- _gDisc 2. _tFlip of the coin ; _gThe _tportrait ; _tAll in ; _tFree fall -- _gDisc 3. _tHard sell ; _tBad judgement [sic]; _tVital signs ; _tHome invasion -- _gDisc 4. _tBottlenecked ; _tFront man ; _tOut of the box ; _gSpecial features. |
| 500 | _aSpecial features: Exclusive featurettes Pro and Con, A Cool Cat in the Hat, Nothing But the Truth ; Gag reel ; Deleted scenes ; Audio commentary on selected episodes. | ||
| 650 | 0 |
_aSwindlers and swindling _vDrama. _95704141 |
|
| 610 | 1 | 0 |
_aUnited States. _bFederal Bureau of Investigation _vDrama. _95725950 |
| 655 | 0 |
_aAction and adventure television programs. _95676921 |
|
| 655 | 0 |
_aTelevision series. _96215420 |
|
| 655 | 0 |
_aVideo recordings for the hearing impaired. _96215421 |
|
| 655 | 0 |
_aDVD-Video discs. _95673658 |
|
| 700 | 1 |
_aBomer, Matthew, _d1977- _974159 |
|
| 700 | 1 |
_aDeKay, Tim, _d1963- _95908090 |
|
| 700 | 1 |
_aThiessen, Tiffani, _d1974- _974245 |
|
| 710 | 2 |
_aFox Television Studios. _95774162 |
|
| 710 | 2 |
_aTwentieth Century Fox Home Entertainment, Inc. _961951 |
|
| 730 | 0 |
_aWhite collar (Television program) _95908093 |
|
| 942 |
_cDVD _089 |
||
| 994 |
_aC0 _bUINTA |
||
| 998 | _aa139187 | ||
| 999 |
_c73481 _d73481 |
||